000
00273nam a2200109Ia 4500
008
210430s9999 xx 000 0 und d
082
_a
537.5 Y26Q
100
_a
Yariv, Amnon
_9
53483
245
_a
Quantum Electronics 3rd
_c
Yariv, Amnon
300
_a
676p.
942
_c
BK
_2
ddc
999
_c
563500
_d
563500